000 02221nam a22002894aa4500
003 BOFEUTO
005 20260519155935.0
008 260403t2026 bo gr 000 f spa d
017 _a5-1-1765-2026
020 _a978-9917-6639-05-8
040 _6BOFEUTO
_aBOFEUTO
_cBOFEUTO
082 _a330
_bF628e
100 _aFlores Flores, Wilson Galo
_eautor
245 _aEconomía Aplicada Salud, Educación y Medio Ambiente /
_cWilson Galo Flores Flores
250 _a4ta. Ed.
260 _aOruro :
_bLatinas Edictores,
_c2026.
300 _a336p. ;
_bilus. ;
_c25.5 cm.
500 _aIncluye bibliografía, siglas más utilizadas a nivel internacional.
505 _aTécnicas y hábitos de estudio en la Universidad - ¿Qué es la economía? - El problemas económico: la escasez - Las necesidades humanas - Los bienes y servicios económicos - La economía como ciencia - Los recursos o factores productivos - Los ingresos de los factores de producción - Los agentes económicos - El concepto de sistema económico - Oferta, demanda y equilibrio de mercado - El sistema de economía de mercado - Sistema de economía planificada (Sistema de economía centralizada) - Las transacciones económicas y el sistema de economía mixta - La empresa y la producción (Producción con un insumo variable) - Elasticidades de la demanda - Macroeconomía, salud y educación - El dinero y sus funciones - Teorías sobre el capital humano - Productividad - Educación formal y no formal - Costos y beneficios de la educación - Oferta y demanda de educación - Salud y nutrición - Subsidios a la demanda - Macroeconomía y educación - Economía de la prevención - Políticas de salud y gestión sanitaria - Introducción al medio ambiente - Economía, desarrollo y medio ambiente - Externalidades - Política ambiental - La competitividad y el desarrollo sostenible - Costo - beneficio: beneficio - Población y recursos naturales - Bienes públicos - Costos - beneficios: costos - los impuestos - El sector industrial en Bolivia y el impacto ambiental
650 _aEconomía
653 _aTécnicas
653 _aProblemas
653 _aNecesidades
653 _aBienes
653 _aServicios
942 _2ddc
_cLI
_n0
999 _c16179
_d16179